Veľkorozmerný svet Ľubomíra Purdeša

Bibliographic Details
Format: Article
Language:Slovak
PhysicalDescription:Fotogr.
ISSN:1335-4566
Subjects:
Online Access:www.korzar.sk

MARC

LEADER 00000nab a2200000 a 4500
001 vtls009151467
003 SK-MaSNL
005 20260305014043.0
008 071019c20071019xo drz 0 0slo
038 |a KEVKJB 
040 |a KEVKJB  |b slo  |c KEVKJB  |e AACR2 
041 0 |a slo 
044 |a xo  |c SK 
080 |a 730.071.1  |2 2001 
080 |a 929 Purdeš, Ľubomír  |2 2001 
245 0 0 |a Veľkorozmerný svet Ľubomíra Purdeša  |c [autor] (nit) 
300 |b Fotogr. 
600 1 7 |a Purdeš, Ľubomír,  |d 1965-  |2 kevkjb  |9 115420 
610 2 7 |a Východoslovenská galéria (Košice, Slovensko)  |2 kevkjb  |9 29814 
650 0 7 |a sochárstvo  |2 kevkjb  |9 1038 
651 7 |a Košice (Slovensko)  |2 kevkjb  |9 18694 
773 0 |t Košický Korzár  |g Roč. X, č. 241 (19.10.2007), s. 4  |x 1335-4566 
852 |a KEVKJB  |b KIS3GCP 
856 4 1 |u www.korzar.sk 
958 |a BX 
999 |c 3267413  |d 3269343